000 00571nam a22001817a 4500
005 20251022115549.0
008 251022b |||||||| |||| 00| 0 eng d
037 _cTB
040 _aAL
_cAL
041 _2HIN
_aHIN
084 _bAL
100 _aदास, मनोज
_9849147
245 _aश्री अरविन्द
260 _aदिल्ली, भारत:
_bसाहित्य अकादेमी,
_c1994.
365 _b15.00
_cINR
942 _2CC
_cTB
_n0
999 _c1464950
_d1464950